[Event "Wroclaw Anderssen Memorial op-C"]
[Site "Wroclaw"]
[Date "2023.??.??"]
[Round "6"]
[White "Mittelstaedt, Jakub"]
[Black "Przewlocki, Filip"]
[Result "0-1"]
[WhiteElo "1477"]
[BlackElo "1126"]
[PlyCount "114"]
[EventDate "2023.08.06"]
[EventType "swiss"]
[EventRounds "9"]
[EventCountry "POL"]
[SourceTitle "EXT 2024"]
[Source "ChessBase"]
[SourceDate "2023.10.10"]
[SourceVersion "1"]
[SourceVersionDate "2023.10.10"]
[SourceQuality "1"]

1. e4 c5 2. Nc3 e6 3. f4 Nc6 4. Nf3 g6 5. Bb5 Bg7 6. Bxc6 bxc6 7. 0-0 Ne7 8. d3 d5 9. e5 Ba6 10. b3 Nf5 11. Qe1 Nd4 12. Nxd4 cxd4 13. Na4 Qe7 14. c4 dxc3 15. Qxc3 Bb7 16. Be3 Bf8 17. Rfc1 Qb4 18. g3 Qxc3 19. Rxc3 Bb4 20. Rc2 Kd7 21. Bc5 Bxc5+ 22. Nxc5+ Kc7 23. Rac1 Rhc8 24. b4 a6 25. a4 Kb6 26. a5+ Ka7 27. Nd7 Rc7 28. Nf6 h5 29. h3 Rh8 30. d4 Ba8 31. Rh2 Bb7 32. g4 hxg4 33. hxg4 Rcc8 34. Rc3 Rhd8 35. Rh7 Rc7 36. Kf2 Re7 37. Ke2 Kb8 38. Rch3 Kc7 39. Rg7 Bc8 40. Rhh7 Rf8 41. Ng8 Rd7 42. Nh6 f5 43. Rxd7+ Bxd7 44. g5 Rb8 45. Kd3 Rxb4 46. Ng8 Kd8 47. Nf6 Rb7 48. Rg7 c5 49. Rxg6 c4+ 50. Kc3 Rb3+ 51. Kc2 Ba4 52. Rg8+ Kc7 53. g6 Rg3+ 54. Kc1 c3 55. Ne8+ Kc6 56. Kb1 Bb3 57. Nd6 Rg1# 0-1

[Event "Wroclaw Anderssen Memorial op-C"]
[Site "Wroclaw"]
[Date "2023.??.??"]
[Round "4"]
[White "Przewlocki, Filip"]
[Black "Barteckova, Nikol"]
[Result "1-0"]
[WhiteElo "1126"]
[BlackElo "1226"]
[PlyCount "75"]
[EventDate "2023.08.06"]
[EventType "swiss"]
[EventRounds "9"]
[EventCountry "POL"]
[SourceTitle "EXT 2024"]
[Source "ChessBase"]
[SourceDate "2023.10.10"]
[SourceVersion "1"]
[SourceVersionDate "2023.10.10"]
[SourceQuality "1"]

1. e4 c5 2. Nf3 d6 3. d4 cxd4 4. Nxd4 Nf6 5. Nc3 Nc6 6. Be3 a6 7. Be2 e6 8. Qd2 Be7 9. f3 Qc7 10. a3 b5 11. g4 Bb7 12. 0-0-0 Ne5 13. Nb3 Nc4 14. Bxc4 bxc4 15. Nd4 Rb8 16. Nb1 Bc8 17. g5 Nd7 18. Ne2 Nc5 19. Bxc5 Qxc5 20. h4 f6 21. f4 Qc7 22. Nd4 Qb7 23. c3 a5 24. Rhe1 Bd7 25. Re2 e5 26. Nf5 Bxf5 27. exf5 Rd8 28. fxe5 dxe5 29. Qc2 Rxd1+ 30. Qxd1 0-0 31. Rd2 Re8 32. g6 h6 33. Rd7 Qb6 34. Qd5+ Kh8 35. Rxe7 Rd8 36. Rd7 Qe3+ 37. Nd2 Qe1+ 38. Kc2 1-0